A feminist manifesto for education/ (Record no. 71948)

000 -LEADER
fixed length control field 00461nam a22001697a 4500
020 ## - INTERNATIONAL STANDARD BOOK NUMBER
International Standard Book Number 9781509504275
082 ## - DEWEY DECIMAL CLASSIFICATION NUMBER
Classification number 371.822
Item number MIR/F
100 ## - MAIN ENTRY--PERSONAL NAME
Personal name Miriam E David
9 (RLIN) 48243
245 ## - TITLE STATEMENT
Title A feminist manifesto for education/
Statement of responsibility, etc. by Miriam E David
260 ## - PUBLICATION, DISTRIBUTION, ETC.
Place of publication, distribution, etc. UK:
Name of publisher, distributor, etc. Polity Press,
Date of publication, distribution, etc. 2016.
300 ## - PHYSICAL DESCRIPTION
Extent 210p.
650 ## - SUBJECT ADDED ENTRY--TOPICAL TERM
Topical term or geographic name entry element Education Feminism
9 (RLIN) 48244
650 ## - SUBJECT ADDED ENTRY--TOPICAL TERM
Topical term or geographic name entry element Women Education
9 (RLIN) 48245
650 ## - SUBJECT ADDED ENTRY--TOPICAL TERM
Topical term or geographic name entry element Education
9 (RLIN) 48246
650 ## - SUBJECT ADDED ENTRY--TOPICAL TERM
Topical term or geographic name entry element Social Sciences
9 (RLIN) 48247
942 ## - ADDED ENTRY ELEMENTS (KOHA)
Koha item type Book
Holdings
Withdrawn status Lost status Damaged status Not for loan Permanent Location Current Location Shelving location Date acquired Cost, normal purchase price Total Checkouts Full call number Barcode Date last seen Date last checked out Price effective from Koha item type
        Sree Sankaracharya University of Sanskrit Sree Sankaracharya University of Sanskrit Stacks 04.06.2018 1651.69 1 371.822 MIR/F 089938 26.12.2019 06.11.2019 04.06.2018 Book